Gen 1 Pokémon - Statistics

General Stats
  • This quiz has been taken 26 times
  • The average score is 82 of 151
Answer Stats
Number Type Answer % Correct
009 Water Blastoise
94%
001 Grass/Poison Bulbasaur
94%
006 Fire/Flying Charizard
94%
002 Grass/Poison Ivysaur
94%
004 Fire Charmander
88%
005 Fire Charmeleon
88%
007 Water Squirtle
88%
003 Grass/Poison Venusaur
88%
008 Water Wartortle
88%
013 Bug/Poison Weedle
88%
144 Ice/Flying Articuno
82%
012 Bug/Flying Butterfree
82%
010 Bug Caterpie
82%
014 Bug/Poison Kakuna
82%
018 Normal/Flying Pidgeot
82%
017 Normal/Flying Pidgeotto
82%
016 Normal/Flying Pidgey
82%
015 Bug/Poison Beedrill
76%
011 Bug Metapod
76%
151 Psychic Mew
76%
150 Psychic Mewtwo
76%
146 Fire/Flying Moltres
76%
025 Electric Pikachu
76%
019 Normal Rattata
76%
149 Dragon/Flying Dragonite
71%
023 Poison Ekans
71%
022 Normal/Flying Fearow
71%
020 Normal Raticate
71%
021 Normal/Flying Spearow
71%
145 Electric/Flying Zapdos
71%
024 Poison Arbok
65%
148 Dragon Dragonair
65%
147 Dragon Dratini
65%
094 Ghost/Poison Gengar
65%
074 Rock/Ground Geodude
65%
076 Rock/Ground Golem
65%
130 Water/Flying Gyarados
65%
067 Fighting Machoke
65%
129 Water Magikarp
65%
034 Poison/Ground Nidoking
65%
026 Electric Raichu
65%
063 Psychic Abra
59%
065 Psychic Alakazam
59%
069 Grass/Poison Bellsprout
59%
050 Ground Diglett
59%
051 Ground Dugtrio
59%
075 Rock/Ground Graveler
59%
058 Fire Growlithe
59%
039 Normal/Fairy Jigglypuff
59%
124 Ice/Psychic Jynx
59%
064 Psychic Kadabra
59%
068 Fighting Machamp
59%
122 Psychic/Fairy Mr. Mime
59%
031 Poison/Ground Nidoqueen
59%
030 Poison Nidorina
59%
033 Poison Nidorino
59%
038 Fire Ninetales
59%
078 Fire Rapidash
59%
112 Ground/Rock Rhydon
59%
070 Grass/Poison Weepinbell
59%
059 Fire Arcanine
53%
133 Normal Eevee
53%
125 Electric Electabuzz
53%
101 Electric Electrode
53%
092 Ghost/Poison Gastly
53%
042 Poison/Flying Golbat
53%
093 Ghost/Poison Haunter
53%
107 Fighting Hitmonchan
53%
106 Fighting Hitmonlee
53%
135 Electric Jolteon
53%
115 Normal Kangaskhan
53%
131 Water/Ice Lapras
53%
066 Fighting Machop
53%
095 Rock/Ground Onix
53%
077 Fire Ponyta
53%
111 Ground/Rock Rhyhorn
53%
121 Water/Psychic Starmie
53%
120 Water Staryu
53%
071 Grass/Posion Victreebel
53%
100 Electric Voltorb
53%
037 Fire Vulpix
53%
041 Poison/Flying Zubat
53%
036 Fairy Clefable
47%
035 Fairy Clefairy
47%
044 Grass/Poison Gloom
47%
088 Poison Grimer
47%
126 Fire Magmar
47%
081 Electric/Steel Magnemite
47%
082 Electric/Steel Magneton
47%
056 Fighting Mankey
47%
052 Normal Meowth
47%
089 Poison Muk
47%
043 Grass/Poison Oddish
47%
057 Fighting Primeape
47%
027 Ground Sandshrew
47%
028 Ground Sandslash
47%
079 Water/Psychic Slowpoke
47%
073 Water/Poison Tentacruel
47%
134 Water Vaporeon
47%
045 Grass/Poison Vileplume
47%
040 Normal/Fairy Wigglytuff
47%
113 Normal Chansey
41%
091 Water/Ice Cloyster
41%
132 Normal Ditto
41%
096 Psychic Drowzee
41%
136 Fire Flareon
41%
118 Water Goldeen
41%
055 Water Golduck
41%
116 Water Horsea
41%
140 Rock/Water Kabuto
41%
141 Rock/Water Kabutops
41%
099 Water Kingler
41%
109 Poison Koffing
41%
098 Water Krabby
41%
138 Rock/Water Omanyte
41%
139 Rock/Water Omastar
41%
053 Normal Persian
41%
137 Normal Porygon
41%
054 Water Psyduck
41%
123 Bug/Flying Scyther
41%
117 Water Seadra
41%
119 Water Seaking
41%
080 Water/Psychic Slowbro
41%
143 Normal Snorlax
41%
072 Water/Poison Tentacool
41%
049 Bug/Poison Venomoth
41%
048 Bug/Poison Venonat
41%
110 Poison Weezing
41%
142 Rock/Flying Aerodactyl
35%
087 Water/Ice Dewgong
35%
085 Normal/Flying Dodrio
35%
084 Normal/Flying Doduo
35%
083 Normal/Flying Farfetch'd
35%
097 Psychic Hypno
35%
046 Bug/Grass Paras
35%
047 Bug/Grass Parasect
35%
060 Water Poliwag
35%
061 Water Poliwhirl
35%
062 Water/Fighting Poliwrath
35%
086 Water Seel
35%
090 Water Shellder
35%
114 Grass Tangela
35%
104 Ground Cubone
29%
102 Grass/Psychic Exeggcute
29%
103 Grass/Psychic Exeggutor
29%
108 Normal Lickitung
29%
105 Ground Marowak
29%
127 Bug Pinsir
29%
128 Normal Tauros
29%
029 Poison Nidoran♀
18%
032 Poison Nidoran♂
18%
No matching quizzes found
Score Distribution
Percent of People with Each Score
Percentile by Number Answered
Your Score History
You have not taken this quiz